| 000 | 00000nam##2200000za#4500 |
| 001 | 9.646765 |
| 003 | CaOODSP |
| 005 | 20200401083948 |
| 007 | ta |
| 008 | 150407|1997||||xxc||||| f|0| 0 eng|d |
| 020 | |a0-660-17254-2 |
| 040 | |aCaOODSP|beng |
| 043 | |an-cn--- |
| 086 | 1 |aF2-116/1997Erev |
| 110 | 1 |aCanada. |bDepartment of Finance. |
| 245 | 10|aDraft legislation and regulations relating to the GST and HST |
| 260 | |aOttawa - Ontario : |bFinance Canada |c1997. |
| 300 | |a110p. ; |c23 cm. |
| 500 | |aContents: Excise Tax Act.--An Act to amend the Excise Tax Act: S.C., 1997, c. 10.--Draft regulations. |
| 563 | |aSoftcover |
| 590 | |a97-50|b1997-12-12 |
| 776 | 0#|tDraft legislation and regulations relating to the GST and HST / |w(CaOODSP)9.699030 |